1102 1342 1917 1990 1188 1849 1857 1434 1953 1221 1134 1831 1213 1394 1389 1625 1938 1055 1735 1672 1752 1173 1602 1906 1140 1880 1161 1027 1159 1472 1421 1039 1063 1213 1140 1722 1406 1500 1502 1563 1533 1917 1154 1068 1365 1862 1638 1145 1997 1499 1243 1028 1115 1658 1935 1258 1664 1162 1118 1131 1772 1269 1895 1110 1774 1027 1831 1666 1586 1562 1544 1989 1995 1025 1381 1596 1150 1562 1280 1936 1283 1069 1020 1059 1059 1126 1441 1812 1264 1549 1995 1799 1009 1189 1033 1343 1089 1430 1148 BCNSPRNW ULIB Ver.6.0+V

เปลี่ยนเป็นภาษาไทย

Change to English
 แสดงรายละเอียดบรรณานุกรม
  กลับหน้าหลัก

Brief Record : Get Marc (ISO 2709) : E-mail record : QR code < ปิดหน้าต่าง
LEADER : 00000nam 2200000uu 4500
001    13399121591
003     ULIB
008    121126s2550||||th 000 0 tha d
020    ^a9789747361643
060 04 ^aWT120^bป297ค
100 0  ^aประพจน์ เภตรากาศ
245 10 ^aคู่มือผู้สูงอายุ :^bฉบับบริหารร่างกาย/ ^cประพจน์ เภตรากาศ
250    ^aพิมพ์ครั้งที่ 17
260    ^aกรุงเทพฯ :^bหมอชาวบ้าน,^c2550
300    ^a42 หน้า :^bภาพประกอบ ;^c21 ซม.
650  7 ^aการออกกำลังกาย^xในวัยชรา
650  7 ^aผู้สูงอายุ^xสุขภาพและอนามัย
650  7 ^aการออกกำลังสำหรับผู้สุงอายุ
945    ^p45^l0^i15220
995    ^aวิภา
999 ^a ใช้งานได้ทุกระบบ
รายการนี้ยังไม่มีแท็ก
คุณยังไม่ได้ล็อกอิน คุณสามารถมีกิจกรรมร่วมกับเว็บไซต์ได้ แต่ต้องล็อกอินก่อน ::
  ล็อกอิน

รายการสื่อสารสนเทศ

ลำดับที่ ประเภท เลขเรียก/บาร์โค้ด สถานที่ สถานะ
1. วิทยาศาสตร์การแพทย์ และสุขภาพ
วิทยาศาสตร์การแพทย์ และสุขภาพ
WT120 ป297ค  
  Barcode: 15220
ห้องสมุดวิทยาเขตสวรรค์ประชารักษ์
►ส่วนจัดเก็บหนังสือเก่า สปร
บนชั้น
  ขอยืม

รายการใกล้เคียง
    ผู้แต่ง [ประพจน์ เภตรากาศ]

    หัวเรื่อง [การออกกำลังสำหรับผู้สุงอายุ]

BibComment


ยังไม่เคยถูกคอมเมนท์

คอมเมนท์ทรัพยากรรายการนี้
  คอมเมนท์: คู่มือผู้สูงอายุ..


 Copyright 2026. Bcnsprnw @Library